Bài tập vẽ kỹ thuật theo tiêu chuẩn quốc tế

Cuốn sách gồm 44 tiêu chuẩn quốc tế về bản vẽ kỹ thuật nói chung và bản vẽ kỹ thuật cơ khí nói riêng. Sách gồm 4 phần trình bày các tiêu chuẩn chung về bản vẽ kỹ thuật, biểu diễn quy ước và đơn giản hóa, ghi các chỉ dẫn trên bản vẽ ky...

Descripció completa

Guardat en:
Dades bibliogràfiques
Format: Llibre
Idioma:Undetermined
Publicat: Hà Nội Giáo dục 2005
Matèries:
Etiquetes: Afegir etiqueta
Sense etiquetes, Sigues el primer a etiquetar aquest registre!
Thư viện lưu trữ: Trung tâm Học liệu Trường Đại học Cần Thơ
LEADER 00999nam a2200193Ia 4500
001 CTU_106726
008 210402s9999 xx 000 0 und d
020 |c 45400 
082 |a 604.2 
082 |b B105 
245 0 |a Bài tập vẽ kỹ thuật theo tiêu chuẩn quốc tế 
245 0 |c Trần Hữu Quế, Nguyễn Văn Tuấn dịch 
260 |a Hà Nội 
260 |b Giáo dục 
260 |c 2005 
520 |a Cuốn sách gồm 44 tiêu chuẩn quốc tế về bản vẽ kỹ thuật nói chung và bản vẽ kỹ thuật cơ khí nói riêng. Sách gồm 4 phần trình bày các tiêu chuẩn chung về bản vẽ kỹ thuật, biểu diễn quy ước và đơn giản hóa, ghi các chỉ dẫn trên bản vẽ kỹ thuật. Ký hiệu bằng hình vẽ-Sơ đồ. 
650 |a mechanical drawing 
904 |i Tuyến 
980 |a Trung tâm Học liệu Trường Đại học Cần Thơ